000 00506nam a2200181Ia 4500
005 20250508153746.0
008 008 250505s9999 xx 000 0 eng d
037 _aTextual
040 _aFEDL
_beng
_cFEDL
041 _aeng
_2eng
084 _a378.73, GRI
_qFEDL
100 _aGriswold Alfred Whitney
_9759507
245 0 _aIn the University tradition
260 _aNew Haven
_bYale University Press
_c1957
300 _a161p
942 _cTEXL
_h378.73, GRI
999 _c1345283
_d1345283